000 00630nam a2200217Ia 4500
003 LK-CoDNM
005 20241212103937.0
008 121017t2009 xxu||||| |||| 00| 0 sin d
040 _aLK-CoDNM
_dLK-CoDNM
_eLK-CoDNM
041 _asin
080 _aX8S1
_bDHI
100 _aSri Dirananda Himi Vekada
245 _aඅප්‍රකට ටිබැට් මිහිඳු රචනා
246 _aAprakata Tibet Mihindu Rachana
250 _a2nd
260 _bS.Godage Samagama
_aColombo 10
_c2009
300 _b135p. ; 22 cm
650 _a2009
650 _aකාව්‍ය නිර්‍මාණ
942 _cBK
999 _c74536
_d74536